International journal of computer mathematics (Record no. 44062)

MARC details
000 -LEADER
fixed length control field 00467nam a2200145Ia 4500
022 ## - INTERNATIONAL STANDARD SERIAL NUMBER
ISSN 0020-7160
050 ## - CALL MARK
Classification number QA76 .I58/
245 #0 - TITLE STATEMENT
Title International journal of computer mathematics
250 ## - EDITION / VOLUME STATEMENT
Edition / Volume statement Vol. 102, No. 5-8
260 ## - PUBLICATION, DISTRIBUTION, ETC. (IMPRINT)
Year of publication 2025
Name of publisher Gordon and Breach Science Publishers
Place of publication London; New York
300 ## - PHYSICAL DESCRIPTION
Number of Pages 116 p. :ill. ; 30 cm.
650 ## - SUBJECT ADDED ENTRY--TOPICAL TERM
Topical Term Computers--Periodicals Numerical analysis--Periodicals Automation--Periodicals
942 ## - ADDED ENTRY ELEMENTS (KOHA)
Koha item type Serials
Source of classification Library of Congress Classification

No items available.